000 00689cam a22002413a 4500
001 14405
003 PGUSA
005 20140828083316.0
008 041221s2004||||xxu|||||s|||||000 | eng d
040 _aPGUSA
_beng
042 _adc
050 4 _aDS
100 1 _aSayce, A. H.
_q(Archibald Henry),
_d1845-1933
245 1 0 _aPatriarchal Palestine
_h[electronic resource] /
_cA. H. Sayce
260 _bProject Gutenberg,
_c2004
506 _aPublic domain in the USA.
516 _aElectronic text
653 _aPalestine -- History
653 _aJews -- History -- To 953 B.C.
830 0 _aProject Gutenberg
_v14405
856 4 0 _uhttp://www.gutenberg.org/ebooks/14405
942 _cEB
999 _c243660
_d243660